000
00267nam a2200097Ia 4500
082
_a
J 523.5 GILE
245
0
_a
Destination asteroids, comets, and meteors
100
_a
Sparrow, Giles London, 2009
942
_c
BK
008
210817s9999 xx 000 0 und d
999
_c
396474
_d
396473